000 00627nam a2200229Ia 4500
008 160303s9999 xx 000 0 und d
020 _a971-08-6779-2
050 _aFIL BC 71
050 _b.E93 2007
100 _aEvangelista, Francis Julius N.
245 _aCritical thinking:
245 _ba college student's introduction to logic /
245 _cFrancis Julius N. Evangelista.
260 _aMandaluyong:
260 _bNational Book Store,
260 _c2007
300 _a255 pages :
300 _billustrations ;
300 _c21 cm.
500 _aIncludes bibliographical references.
650 _aLogic.
999 _c291168
_d291168